000 00344nam a2200133Ia 4500
005 20260328101520.0
008 260328s9999||||xx |||||||||||||| ||und||
100 _aSaint Lague, André
245 0 _a Le monde des formes /
_cAndré Saint Lague
260 _bArtheme Fayard
300 _a352 p.
650 _aARQUITECTURA - ELEMENTOS
942 _cBK
999 _c9538
_d9538